Kozhikode International Airport Destinations (Kozhikode, India) - Statistics

General Stats
  • This quiz has been taken 34 times
    10 since last reset
  • The average score is 16 of 22
Answer Stats
Airline Destination % Correct
Air Arabia Abu Dhabi/Air India Express/Etihad Airways/IndiGo Abu Dhabi
100%
IndiGo Delhi
100%
Air India Express/Qatar Airways Doha
100%
Air India Express/flydubai/IndiGo/SpiceJet Dubai (International)
100%
IndiGo/SpiceJet Mumbai
100%
Air India Express/Oman Air/SalamAir Muscat
100%
Air India Express/flynas/Saudia Riyadh
100%
Air India Express/Akasa Air/IndiGo Bengaluru
90%
IndiGo Chennai
90%
Air India Express/Jazeera Airways Kuwait City
90%
Air India Express/Akasa Air/IndiGo Jeddah
80%
Air India Express Bahrain
70%
Air India Express/IndiGo Dammam
70%
Air India Express/IndiGo Hyderabad
70%
IndiGo Kochi
70%
AirAsia Kuala Lumpur (International)
70%
Air Arabia/Air India Express Sharjah
70%
Air Arabia/Air India Express Ras Al Khaimah
60%
Air India Express/Oman Air/SalamAir Salalah
50%
Air India Express Al Ain
30%
SpiceJet Fujairah
10%
IndiGo Agatti
0%
No matching quizzes found
Score Distribution
Percent of People with Each Score
Percentile by Number Answered
Your Score History
You have not taken this quiz since the last reset